[Event "Saint Louis Summer-B"]
[Site "Saint Louis"]
[Date "2023.08.04"]
[Round "3"]
[White "Moradiabadi, Elshan"]
[Black "Lomasov, Semen"]
[Result "1/2-1/2"]
[WhiteElo "2524"]
[BlackElo "2542"]
[PlyCount "57"]
[EventDate "2023.08.02"]
[EventType "tourn"]
[EventRounds "9"]
[EventCountry "USA"]
[EventCategory "11"]
[SourceTitle "CBM 215 Extra"]
[Source "ChessBase"]
[SourceDate "2023.09.30"]
[SourceVersion "1"]
[SourceVersionDate "2023.09.30"]
[SourceQuality "1"]

1. d4 Nf6 2. c4 e6 3. Nf3 Bb4+ 4. Nbd2 a5 5. Qc2 d5 6. a3 Be7 7. e4 c5 8. e5 Nfd7 9. cxd5 exd5 10. Bd3 Nc6 11. 0-0 cxd4 12. Re1 Nc5 13. Nb3 Ne6 14. Bd2 a4 15. Nc1 Nc5 16. Bb5 0-0 17. Bxc6 d3 18. Nxd3 Nxd3 19. Qxd3 bxc6 20. h4 h6 21. e6 Bxe6 22. Bxh6 gxh6 23. Rxe6 fxe6 24. Qg6+ Kh8 25. Qxh6+ Kg8 26. Qg6+ Kh8 27. Qh6+ Kg8 28. Qg6+ Kh8 29. Qh6+ 1/2-1/2

[Event "Charlotte Summer op"]
[Site "Charlotte"]
[Date "2023.07.16"]
[Round "4"]
[White "Moradiabadi, Elshan"]
[Black "Sargsyan, Anna M"]
[Result "1-0"]
[WhiteElo "2522"]
[BlackElo "2359"]
[PlyCount "143"]
[EventDate "2023.07.14"]
[EventType "swiss"]
[EventRounds "5"]
[EventCountry "USA"]
[SourceTitle "CBM 215 Extra"]
[Source "ChessBase"]
[SourceDate "2023.09.30"]
[SourceVersion "1"]
[SourceVersionDate "2023.09.30"]
[SourceQuality "1"]

1. e4 c5 2. Nf3 Nc6 3. Bb5 g6 4. 0-0 Bg7 5. Re1 Nf6 6. c3 0-0 7. d4 d5 8. e5 Ne4 9. Be3 cxd4 10. cxd4 Qb6 11. Qe2 f5 12. Nc3 Be6 13. Na4 Qa5 14. Bxc6 bxc6 15. Qc2 f4 16. Bd2 Nxd2 17. Nxd2 Bf5 18. Qd1 Rab8 19. b3 g5 20. Rc1 Qb4 21. Nf3 h6 22. h3 Rfc8 23. Nc5 Qa5 24. Re2 e6 25. Ne1 Qd8 26. Ned3 f3 27. Re3 fxg2 28. Kxg2 Qe7 29. Qe2 Rf8 30. Rf1 Bg6 31. Rg3 Rf5 32. f4 Rbf8 33. Qe3 Bh5 34. Rf2 Qf7 35. fxg5 Rxf2+ 36. Qxf2 Qxf2+ 37. Nxf2 Kf7 38. b4 a6 39. Ra3 Be2 40. Nfd3 hxg5 41. Rxa6 Bh6 42. Kf2 Bh5 43. Rxc6 Kg8+ 44. Ke1 Rf3 45. Rxe6 Kh7 46. Nf2 Re3+ 47. Kf1 Be2+ 48. Kg1 Ra3 49. Ng4 Bf8 50. Nf6+ Kg7 51. Re8 Bxc5 52. bxc5 Rxh3 53. Rg8+ Kf7 54. Kf2 Bc4 55. c6 Rc3 56. c7 Ba6 57. Rxg5 Ke6 58. Ng4 Rxc7 59. Rg6+ Kf5 60. Rxa6 Kxg4 61. Ke3 Rc3+ 62. Kd2 Rh3 63. Rf6 Ra3 64. Kc2 Rxa2+ 65. Kb3 Rd2 66. Kc3 Rd1 67. Rd6 Kf5 68. Rxd5 Ke4 69. Rd6 Rc1+ 70. Kd2 Rc8 71. e6 Re8 72. Kc3 1-0

[Event "CAN Transnational Classic"]
[Site "Montreal"]
[Date "2023.06.11"]
[Round "8"]
[White "Moradiabadi, Elshan"]
[Black "Bruzon Batista, Lazaro"]
[Result "1/2-1/2"]
[WhiteElo "2520"]
[BlackElo "2617"]
[PlyCount "21"]
[EventDate "2023.06.06"]
[EventType "swiss"]
[EventRounds "9"]
[EventCountry "CAN"]
[SourceTitle "CBM 214 Extra"]
[Source "ChessBase"]
[SourceDate "2023.07.31"]
[SourceVersion "1"]
[SourceVersionDate "2023.07.31"]
[SourceQuality "1"]

1. e4 e5 2. Nf3 Nc6 3. Bb5 Nf6 4. 0-0 Nxe4 5. Re1 Nd6 6. Nxe5 Be7 7. Bf1 Nxe5 8. Rxe5 0-0 9. d4 Bf6 10. Re1 Re8 11. c3 1/2-1/2

[Event "CAN Transnational op"]
[Site "Montreal"]
[Date "2023.06.10"]
[Round "7"]
[White "Atanasov, Anthony"]
[Black "Moradiabadi, Elshan"]
[Result "0-1"]
[WhiteElo "2367"]
[BlackElo "2520"]
[PlyCount "108"]
[EventDate "2023.06.06"]
[EventType "swiss"]
[EventRounds "9"]
[EventCountry "CAN"]
[SourceTitle "CBM 214 Extra"]
[Source "ChessBase"]
[SourceDate "2023.07.31"]
[SourceVersion "1"]
[SourceVersionDate "2023.07.31"]
[SourceQuality "1"]

1. d4 e6 2. Bf4 f5 3. e3 Nf6 4. a3 Be7 5. c4 d6 6. Nc3 0-0 7. Bd3 Nbd7 8. Nf3 Qe8 9. h3 Bd8 10. Bh2 b6 11. e4 Bb7 12. Qe2 Qg6 13. Nd2 fxe4 14. Ncxe4 Qxg2 15. 0-0-0 Nxe4 16. Nxe4 Qf3 17. Qc2 d5 18. Nc3 Qxf2 19. Bxh7+ Kh8 20. Rhe1 Qxc2+ 21. Bxc2 Rf2 22. Bg1 Rf3 23. Rxe6 Bg5+ 24. Kb1 dxc4 25. Be4 Bxe4+ 26. Nxe4 Bf4 27. d5 Nf8 28. Re7 Ng6 29. Rf7 Re8 30. Nc3 Re7 31. Rxe7 Nxe7 32. Re1 Nf5 33. Ka2 Kh7 34. Re4 Nd6 35. Re7 Rf1 36. Ne2 Bg5 37. Rxc7 Re1 38. h4 Bxh4 39. Bh2 Rxe2 40. Bxd6 Bf6 41. Kb1 Rxb2+ 42. Kc1 Rb5 43. Rxc4 Rxd5 44. Bb8 a6 45. Ba7 b5 46. Rc6 a5 47. Kc2 Kg6 48. Bc5 a4 49. Bf8 Kf5 50. Rc7 g5 51. Rf7 Kg6 52. Rc7 g4 53. Kb1 g3 54. Bc5 Bd4 0-1

[Event "CAN Transnational Classic"]
[Site "Montreal"]
[Date "2023.06.09"]
[Round "5"]
[White "Rodrigue Lemieux, Shawn"]
[Black "Moradiabadi, Elshan"]
[Result "1-0"]
[WhiteElo "2469"]
[BlackElo "2520"]
[PlyCount "23"]
[EventDate "2023.06.06"]
[EventType "swiss"]
[EventRounds "9"]
[EventCountry "CAN"]
[SourceTitle "CBM 214 Extra"]
[Source "ChessBase"]
[SourceDate "2023.07.31"]
[SourceVersion "1"]
[SourceVersionDate "2023.07.31"]
[SourceQuality "1"]

1. e4 e6 2. d4 d5 3. Nd2 c5 4. exd5 Qxd5 5. Ngf3 cxd4 6. g3 Bd7 7. Bc4 Qh5 8. 0-0 Nc6 9. Nb3 Nf6 10. Be2 e5 11. Ng5 Ng4 12. h3 1-0